MDQL
is popping MORE tags! Check the
thread
!
Quizzes
Events
Quiz Creation
Community
Videos
Private Events
Remove Ads
Sign In
Join for FREE
Feedback
Dark Mode
Quiz Categories
Sports
Geography
Music
Movies
Television
Just For Fun
Miscellaneous
History
Literature
Language
Science
Gaming
Entertainment
Religion
Holiday
For Kids
Quiz Lab
Recent
Popular Today
Quiz Kudos Today
Editor Picks
Curator Picks
Quizzes by...
Day
Popularity
Type
Ratings
Length
Year
Community
Subscriptions
Recent Discussions
Orange Saloon
Badges
Playlists
Quests
Create
Leaderboards
Showdown
Live 5
Trivia Bingo
Activity
Puzzle Library
Sporcle Events
Private Events
Virtual Trivia
Globe League
Become a Host
Pub Owners
SporcleCon
Opinionation
Our Games
Videos
Blog
Mobile Apps
Partnerships
Remove Ads and Go Orange
Feedback
Sports
Athletes
MLB
NBA
NHL
NFL
Soccer
Sports Teams
WWE
NCAA
Football
Premier League
Basketball
Baseball
Hockey
Golf
Tennis
Cricket
Rugby
Auto Racing
Olympics
World Cup
Sports
Athletes
MLB
NBA
NHL
NFL
Soccer
Sports Teams
WWE
NCAA
Football
Premier League
Basketball
Baseball
Hockey
Golf
Tennis
Cricket
Rugby
Auto Racing
Olympics
World Cup
Random Quiz
Search Sporcle
×
Quiz Lab
Quiz Lab
Sports
World
Type in answers that appear in a list
Type in answers that appear in a list
Classic
Best Score? Go Orange.
British world boxing champions Stats
Can you name the British world boxing champions?
By
Aurelian147
10m
86 Questions
2,141 Plays
2,141 Plays
2,141 Plays
Comments
Comments
Give Quiz Kudos
Give Quiz Kudos
-
- Ratings
hide this ad
More Info
Replay
Link that replays current quiz
Next Quiz
Link to next quiz in quiz playlist
You Got
0%
They Got
Avg Score
42%
Avg Friend Score
Upgrade to see
Score Distribution
Jump to the score distribution portion of the page
Score
0/86
Timer
10:00
0
Plays Today
Division
Name
% Correct
Heavyweight
Lennox Lewis
92.4%
Heavyweight
Lennox Lewis
92.4%
Heavyweight
Lennox Lewis
92.4%
Welterweight
Ted 'Kid' Lewis
88.2%
Welterweight
Ted 'Kid' Lewis
88.2%
Cruiserweight
David Haye
87.1%
Heavyweight
David Haye
87.1%
Super-
middleweight
Joe Calzaghe
83.7%
Middleweight
Chris Eubank
83.2%
Super-
middleweight
Chris Eubank
83.2%
Heavyweight
Frank Bruno
82.5%
Middleweight
Nigel Benn
82.1%
Super-
middleweight
Nigel Benn
82.1%
Light-
welterweight
Ricky Hatton
81.3%
Welterweight
Ricky Hatton
81.3%
Super-
middleweight
Carl Froch
76.6%
Featherweight
Naseem Hamed
72.4%
Light-
welterweight
Amir Khan
69.8%
Heavyweight
Herbie Hide
61%
Heavyweight
Herbie Hide
61%
Featherweight
Barry McGuigan
60.2%
Cruiserweight
Johnny Nelson
56.9%
Lightweight
Jim Watt
48.9%
Super-
featherweight
Ricky Burns
46.1%
Middleweight
Alan Minter
45.9%
Light-
middleweight
Paul Jones
44.5%
Heavyweight
Bob Fitzsimmons
43.1%
Middleweight
Bob Fitzsimmons
43.1%
Light-
heavyweight
Bob Fitzsimmons
43.1%
Division
Name
% Correct
Light-
heavyweight
John Conteh
43%
Heavyweight
Henry Akinwande
42.9%
Super-
middleweight
Robin Reid
41.5%
Light-
welterweight
Junior Witter
41.2%
Welterweight
Lloyd Honeyghan
40.5%
Welterweight
Lloyd Honeyghan
40.5%
Super-
middleweight
Richie Woodhall
40.5%
Lightweight
Ken Buchanan
38.6%
Cruiserweight
Enzo Maccarinelli
38.5%
Cruiserweight
Glenn McCrory
37.6%
Featherweight
Scott Harrison
36.6%
Featherweight
Scott Harrison
36.6%
Cruiserweight
Carl Thompson
36.4%
Flyweight
Duke McKenzie
36.3%
Bantamweight
Duke McKenzie
36.3%
Super-
bantamweight
Duke McKenzie
36.3%
Middleweight
Randolph Turpin
36.1%
Featherweight
Steve Robinson
35.1%
Light-
heavyweight
Clinton Woods
32.9%
Light-
welterweight
Gavin Rees
32.9%
Flyweight
Jimmy Wilde
31.9%
Flyweight
Jimmy Wilde
31.9%
Flyweight
Charlie Magri
31.8%
Light-
heavyweight
Dennis Andries
31.8%
Light-
heavyweight
Dennis Andries
31.8%
Light-
heavyweight
Dennis Andries
31.8%
Super-
featherweight
Alex Arthur
28.4%
Welterweight
John H. Stracey
27.5%
Light-
middleweight
Maurice Hope
26.3%
Division
Name
% Correct
Featherweight
Paul Ingle
25.4%
Light-
welterweight
Terry Marsh
25.1%
Super-
featherweight
Nicky Cook
24.4%
Super-
middleweight
Glenn Catley
23.8%
Middleweight
Terry Downes
23.7%
Light-
heavyweight
Freddie Mills
23.3%
Flyweight
Benny Lynch
22.1%
Light-
welterweight
Jack 'Kid' Berg
22%
Featherweight
Paul Hodkinson
22%
Featherweight
Howard Winstone
21%
Flyweight
Dave McAuley
19.9%
Bantamweight
Wayne McCullough
19.7%
Flyweight
Jackie Brown
19.6%
Middleweight
Chris Pyatt
18.3%
Minimumweight
Paul Weir
18.2%
Light-
flyweight
Paul Weir
18.1%
Super-
middleweight
Murray Sutherland
18%
Lightweight
Freddie Welsh
17.2%
Featherweight
Colin McMillan
16.7%
Flyweight
Peter Kane
16.5%
Flyweight
Walter McGowan
15.4%
Flyweight
Rinty Monaghan
15.3%
Flyweight
Pat Clinton
15.2%
Welterweight
Matt Wells
14.8%
Flyweight
Jackie Paterson
14.2%
Bantamweight
Robbie Regan
13.6%
Flyweight
Terry Allen
13%
Bantamweight
Johnny Caldwell
9.6%
Quiz Playlist
Details
Report
Send in Message
Add To Playlist
More Info:
Name the British boxers who have been world champion (includes WBA, WBC, IBF and WBO champions).
Classic:
Type in answers that appear in a list
Last Updated: Feb 16, 2017
Quiz Scoreboard
CHALLENGE
Sign Up to Join the Scoreboard
Show All
Scores
Hide
Comments
May contain spoilers
Recently Published
1-10 Letter E Words III
by El_Dandy
Language
2m
Street Fighter Characters
by Artimus82
Gaming
60s
College Basketball Coaching Resumes
by pancakes188
Sports
9m
More to Explore
Quiz From the Vault
Featured Blog Post
Where Did the Easter Bunny Come From?
hide this ad
You Might Also Like...
Tags
World Quiz
Boxer
Boxing
Boxing Champions
British
British Sports
champion
World Championships
Today's Top Quizzes in Sports
Browse Sports
hide this ad
Today's Top Quizzes in World
Browse World
Top Contributed Quizzes in Sports
1
2022 World Cup Stars
2
Les meilleurs buteurs des matchs entre le PSG et l’OM
3
FIFA Club World Cup Champions
4
Les entraîneurs de l'OM et du PSG au 21e siècle
5
Criteria MLB: Left Handed Sluggers
6
2023 MLB Unique Player Accomplishments
7
AFC Teams Reveal (Wrong Answers Minefield)
8
Players with Multiple 50 Home Run Seasons
9
5-to-1: FBS Animal Nicknames
10
5-to-1: UK Sports Teams
Explore More
Trending Topics
NBA
Marvel
Crossword
Anime
Kpop
Harry Potter
Disney
Song
Pokémon
The Office
Soccer
NFL
Puzzle
WWE
Country
hide this ad
More By:
Aurelian147
Quiz
Plays
Rating
Category
Featured
Created
European Countries Not Occupied During WWII
281,967
4.31
History
Apr 9, 2011
Premier League Blitz
216,281
4.41
Sports
Feb 25, 2012
100 Greatest Tennis Players
94,799
4.33
Sports
Jul 5, 2012
Missing Word: Steven Spielberg
64,013
4.41
Just For Fun
Apr 3, 2011
Charles Dickens Characters
45,272
4.62
Literature
Apr 4, 2012
Go to Creator's Profile
Score Distribution
Quiz Creator Spotlight
Aurelian147
Follow
Send a Message
Quizzes Created
-
Created Quiz Play Count
-
More By This Creator
Popular Quizzes Today
1
Find the US States - No Outlines Minefield
2
Find the Countries of Europe - No Outlines Minefield
3
The Countries of the World
4
Find the US States
5
Risky Map Clicking: Biggest States A-Z
6
US States
7
Popular People in 1961
8
Movies - When Are They Set?
More Sports Quizzes
NFL Playoff Coaches (2010s)
Published
Trending Quizzes
Risky Map Clicking: Least Populous States A-Z
USA Borders Longest to Shortest
1-10 Letter G Words
1-10 Letter F Words
Countries of the World: 200 Million BC
Recently Updated
Beyoncé Albums
pecheneg
Leaping Animals
pecheneg
Reality TV Shows (A-Z)
bhenderson79
Rickey Henderson's Hall of Fame Teammates
pecheneg
Champions League XIs: Arsenal
pecheneg
Quick Pick: Celebrities in WWE's Hall of Fame
aduchscher
A-Z Keypad Blitz II
pecheneg
Multiple Oscar Actors
pecheneg
Mystery Phrase Blitz: Oscar 'Best Actors'
pecheneg
F. Scott Fitzgerald Novels
LTH
Trending Topics
Marvel
Harry Potter
Crossword
Disney
Kpop
NBA
Anime
WWE
NFL
Country
Song
Soccer
Pokémon
The Office
Puzzle
Your Account Isn't Verified!
In order to create a playlist on Sporcle, you need to verify the email address you used during registration. Go to your
Sporcle Settings
to finish the process.
Report this User
Report this user for behavior that violates our
Community Guidelines
.
Details:
Send Report
Go to the Sporcle.com Mobile Site →
Comments